00313nam a22001097a 4500082003100000100002400031245005700055260003600112300001000148526003700158650000800195 a508.354bNAScL-27, P-125. aSeyyed Hossein Nasr aWestern science & Asian culturecSeyyed Hossein Nasr aLahorebRed Rose Printersc1985 a42 p. a0b0c0d508_354000000000000_NAS aMCE